Break - Throughs! : How the vision and drive of innovators in sixteen companies created commercial break throughs that swept the world
में बचाया:
| मुख्य लेखक: | |
|---|---|
| स्वरूप: | पुस्तक |
| भाषा: | Undetermined |
| प्रकाशित: |
Canada
Collier Macmillan Canada
1986
|
| विषय: | |
| टैग : |
टैग जोड़ें
कोई टैग नहीं, इस रिकॉर्ड को टैग करने वाले पहले व्यक्ति बनें!
|
| Thư viện lưu trữ: | Trung tâm Học liệu Trường Đại học Cần Thơ |
|---|
| LEADER | 00624nam a2200193Ia 4500 | ||
|---|---|---|---|
| 001 | CTU_98575 | ||
| 008 | 210402s9999 xx 000 0 und d | ||
| 082 | |a 306.4 | ||
| 082 | |b N331 | ||
| 100 | |a Nayak, P. Ranganath | ||
| 245 | 0 | |a Break - Throughs! : | |
| 245 | 0 | |b How the vision and drive of innovators in sixteen companies created commercial break throughs that swept the world | |
| 245 | 0 | |c P. Ranganath Nayak, John M. Ketteringham | |
| 260 | |a Canada | ||
| 260 | |b Collier Macmillan Canada | ||
| 260 | |c 1986 | ||
| 650 | |a Inventions | ||
| 904 | |i Hiếu | ||
| 980 | |a Trung tâm Học liệu Trường Đại học Cần Thơ | ||